[Event "13. Dubai open 2011"]
[Site "Dubai UAE"]
[Date "2011.04.16"]
[Round "7.5"]
[White "Sasikiran, Krishnan"]
[Black "Guseinov, Gadir"]
[Result "1-0"]
[WhiteElo "2682"]
[BlackElo "2584"]
[PlyCount "89"]
[EventDate "2011.04.10"]
[EventType "swiss"]
[EventRounds "9"]
[EventCountry "UAE"]
[Source "lmi"]
[SourceDate "2011.04.09"]

1. d4 g6 2. g3 Bg7 3. Bg2 d6 4. Nf3 Nd7 5. O-O e5 6. c4 Ne7 7. Nc3 O-O 8. e4
exd4 9. Nxd4 Nc6 10. Nde2 a5 11. Be3 Nc5 12. Qc2 f5 13. Rad1 Nxe4 14. Nxe4 fxe4
15. Bxe4 Bh3 16. Rfe1 Qf6 17. Nf4 Bf5 18. Nd5 Qf7 19. Bxf5 gxf5 20. b3 Rfe8 21.
Kg2 Re6 22. Bd2 Rae8 23. Rxe6 Rxe6 24. Re1 Rxe1 25. Bxe1 Nd4 26. Qd3 c6 27. Nf4
b6 28. f3 b5 29. cxb5 Nxb5 30. Bxa5 d5 31. a4 Nd6 32. Bb4 Nc8 33. Bc5 Bf8 34.
Bxf8 Qxf8 35. Ne6 Qf6 36. Nd4 f4 37. a5 fxg3 38. hxg3 c5 39. Nf5 Qe6 40. Ne3 d4
41. Nc4 Kg7 42. Qe4 Kf6 43. Qf4+ Qf5 44. Qxf5+ Kxf5 45. Nb6 1-0

[Event "13. Dubai open 2011"]
[Site "Dubai UAE"]
[Date "2011.04.16"]
[Round "7.7"]
[White "Miroshnichenko, Evgenij"]
[Black "Kuzubov, Yuriy"]
[Result "1/2-1/2"]
[WhiteElo "2670"]
[BlackElo "2627"]
[PlyCount "68"]
[EventDate "2011.04.10"]
[EventType "swiss"]
[EventRounds "9"]
[EventCountry "UAE"]
[Source "lmi"]
[SourceDate "2011.04.09"]

1. Nf3 d5 2. d4 Nf6 3. c4 e6 4. Nc3 Bb4 5. cxd5 exd5 6. Bg5 h6 7. Bh4 c5 8.
dxc5 Nbd7 9. Rc1 Qa5 10. e3 Ne4 11. Qxd5 Nxc3 12. bxc3 Bxc3+ 13. Kd1 O-O 14.
Bc4 g5 15. Bxg5 hxg5 16. Rxc3 Qxc3 17. Nd4 Nf6 18. Qxg5+ Kh7 19. Qxf6 Qxc4 20.
Qh4+ Kg6 21. Qg3+ Kh5 22. Qe5+ f5 23. g4+ Kg6 24. gxf5+ Bxf5 25. Rg1+ Kh5 26.
f4 Rad8 27. Ke1 Rxd4 28. exd4 Qxa2 29. Rg5+ Kh4 30. Rg6 Qb1+ 31. Kf2 Qc2+ 32.
Kf3 Qd3+ 33. Kf2 Qd2+ 34. Kf3 Qd3+ 1/2-1/2

[Event "13. Dubai open 2011"]
[Site "Dubai UAE"]
[Date "2011.04.16"]
[Round "7.8"]
[White "Ganguly, Surya Shekhar"]
[Black "Berg, Emanuel"]
[Result "1/2-1/2"]
[WhiteElo "2643"]
[BlackElo "2612"]
[PlyCount "164"]
[EventDate "2011.04.10"]
[EventType "swiss"]
[EventRounds "9"]
[EventCountry "UAE"]
[Source "lmi"]
[SourceDate "2011.04.09"]

1. e4 c5 2. Nf3 d6 3. d4 cxd4 4. Nxd4 Nf6 5. Nc3 a6 6. Bg5 Nbd7 7. f4 Qc7 8.
Qf3 h6 9. Bxf6 Nxf6 10. f5 Rg8 11. Bd3 g5 12. fxg6 Rxg6 13. Nf5 Ng4 14. Nd5 Qd8
15. O-O Ne5 16. Qf2 Be6 17. Be2 Bxd5 18. exd5 Qa5 19. Rad1 O-O-O 20. a3 Kb8 21.
b4 Qc7 22. c4 e6 23. Nh4 Rg5 24. Nf3 Rf5 25. Qh4 Be7 26. Qe4 Nxf3+ 27. Bxf3 Bg5
28. dxe6 Re5 29. Qd3 fxe6 30. Rfe1 d5 31. Rxe5 Qxe5 32. cxd5 exd5 33. Bxd5 h5
34. Qf3 h4 35. h3 Be3+ 36. Kh1 Bb6 37. Bb3 Rxd1+ 38. Qxd1 Bc7 39. Qg1 Qe3 40.
Qd1 Qg3 41. Kg1 Qe3+ 42. Kh1 Qf4 43. Kg1 Bb6+ 44. Kh1 Qg3 45. b5 Bc7 46. Kg1
Bb6+ 47. Kh1 Bc7 48. Kg1 Qe3+ 49. Kh1 Qf4 50. Kg1 Bb6+ 51. Kh1 Bc7 52. Kg1 Qe3+
53. Kh1 axb5 54. a4 Qe5 55. Kg1 Qe3+ 56. Kh1 Qg3 57. Kg1 Bb6+ 58. Kh1 b4 59.
Bd5 Bc7 60. Kg1 Bb6+ 61. Kh1 Bc7 62. Kg1 Qe3+ 63. Kh1 Qe5 64. Kg1 Ka7 65. Bb3
Qe3+ 66. Kh1 Qg3 67. Kg1 Bb6+ 68. Kh1 Qe3 69. Bd5 Bd4 70. Bc4 Kb6 71. Bb3 Qf2
72. Kh2 Qg3+ 73. Kh1 Qf2 74. Kh2 Be5+ 75. Kh1 Qf4 76. Kg1 Bd6 77. Bd5 Qe3+ 78.
Kh1 Kc7 79. Qc2+ Kb8 80. Qd1 Qf2 81. Bb3 Qg3 82. Kg1 Bc7 1/2-1/2

[Event "13. Dubai open 2011"]
[Site "Dubai UAE"]
[Date "2011.04.16"]
[Round "7.10"]
[White "Mamedov, Nidjat"]
[Black "Gupta, Abhijeet"]
[Result "0-1"]
[WhiteElo "2580"]
[BlackElo "2580"]
[PlyCount "82"]
[EventDate "2011.04.10"]
[EventType "swiss"]
[EventRounds "9"]
[EventCountry "UAE"]
[Source "lmi"]
[SourceDate "2011.04.09"]

1. e4 e6 2. d4 d5 3. Nd2 Nf6 4. Bd3 c5 5. e5 Nfd7 6. c3 Nc6 7. Ngf3 g6 8. Bc2
Bg7 9. Nb3 b6 10. Bg5 Qc7 11. O-O a5 12. a3 Ba6 13. Re1 c4 14. Nbd2 b5 15. h4
h6 16. Be3 O-O-O 17. h5 g5 18. Nh2 f6 19. exf6 Nxf6 20. Ndf1 Kb8 21. Ng3 Bf8
22. Ng4 Nxg4 23. Qxg4 Bc8 24. Qe2 a4 25. Nf1 Bd6 26. Bd2 e5 27. dxe5 Bxe5 28.
Ne3 d4 29. Nxc4 bxc4 30. Qxc4 Bb7 31. Bxa4 Bh2+ 32. Kh1 Na5 33. Qxc7+ Bxc7 34.
b3 Rhf8 35. Kg1 dxc3 36. Bxc3 Bb6 37. Re2 g4 38. b4 Nc4 39. Bb3 Nd6 40. Be5 Ka7
41. Bc2 Nf5 0-1

[Event "13. Dubai open 2011"]
[Site "Dubai UAE"]
[Date "2011.04.16"]
[Round "7.11"]
[White "Grigoryan, Karen H"]
[Black "Andriasian, Zaven"]
[Result "1-0"]
[WhiteElo "2463"]
[BlackElo "2645"]
[PlyCount "123"]
[EventDate "2011.04.10"]
[EventType "swiss"]
[EventRounds "9"]
[EventCountry "UAE"]
[Source "lmi"]
[SourceDate "2011.04.09"]

1. d4 d5 2. c4 c6 3. Nf3 Nf6 4. Qc2 dxc4 5. Qxc4 Bf5 6. g3 e6 7. Bg2 Be7 8. O-O
O-O 9. e3 Nbd7 10. Qe2 Qb6 11. b3 a5 12. Nc3 Ne4 13. Bb2 Nxc3 14. Bxc3 Be4 15.
Bh3 Bxf3 16. Qxf3 a4 17. Rfb1 a3 18. b4 Qc7 19. Rb3 Bf6 20. Rc1 Rfd8 21. Be1 e5
22. d5 e4 23. Qxe4 Bb2 24. dxc6 Bxc1 25. cxd7 Bb2 26. Rd3 g6 27. Bd2 b5 28. Qd5
Qc4 29. e4 Kg7 30. e5 h6 31. e6 Qxd5 32. Rxd5 fxe6 33. Bxe6 Ra6 34. Bh3 Rc6 35.
Be3 Bf6 36. Rxb5 Rc2 37. Be6 Rc6 38. Rb6 Rxb6 39. Bxb6 Rb8 40. Bc7 Rxb4 41.
d8=Q Bxd8 42. Bxd8 Re4 43. Bb3 Rb4 44. Ba5 Rb5 45. Bc3+ Kh7 46. f4 h5 47. Kf2
Rb7 48. Ke3 Kh6 49. Bf6 Rd7 50. Ke4 Rd2 51. h4 Kh7 52. Bc3 Rd8 53. Bb4 Ra8 54.
Kd5 Kg7 55. Ke5 Kh7 56. f5 gxf5 57. Kxf5 Ra6 58. Ke5 Kh6 59. Kd5 Ra8 60. Bd6
Kg6 61. Kc5 Kf5 62. Kb4 1-0

[Event "13. Dubai open 2011"]
[Site "Dubai UAE"]
[Date "2011.04.16"]
[Round "7.13"]
[White "Halkias, Stelios"]
[Black "Kayumov, Dmitry D"]
[Result "1/2-1/2"]
[WhiteElo "2579"]
[BlackElo "2463"]
[PlyCount "60"]
[EventDate "2011.04.10"]
[EventType "swiss"]
[EventRounds "9"]
[EventCountry "UAE"]
[Source "lmi"]
[SourceDate "2011.04.09"]

1. d4 d5 2. c4 e6 3. Nf3 Nf6 4. Nc3 Bb4 5. Qa4+ Nc6 6. e3 O-O 7. Qc2 dxc4 8.
Bxc4 e5 9. dxe5 Ng4 10. O-O Ncxe5 11. Nxe5 Nxe5 12. Be2 c6 13. Rd1 Qe7 14. b3
Bf5 15. Qxf5 Bxc3 16. Rb1 Rad8 17. Qc2 Rxd1+ 18. Bxd1 Rd8 19. Be2 Bb4 20. h3 a5
21. Qe4 Bc3 22. a3 Qf6 23. Kf1 b5 24. b4 axb4 25. axb4 Ng6 26. Qc2 Ne7 27. Bb2
Bxb2 28. Qxb2 Qxb2 29. Rxb2 Ra8 30. Bf3 Kf8 1/2-1/2

[Event "13. Dubai open 2011"]
[Site "Dubai UAE"]
[Date "2011.04.16"]
[Round "7.14"]
[White "Arutinian, David"]
[Black "Laxman, R R."]
[Result "1-0"]
[WhiteElo "2575"]
[BlackElo "2462"]
[PlyCount "141"]
[EventDate "2011.04.10"]
[EventType "swiss"]
[EventRounds "9"]
[EventCountry "UAE"]
[Source "lmi"]
[SourceDate "2011.04.09"]

1. d4 Nf6 2. Nf3 e6 3. e3 b6 4. c4 Bb7 5. Nc3 Ne4 6. Nxe4 Bxe4 7. Bd3 Bxd3 8.
Qxd3 d5 9. O-O Be7 10. e4 O-O 11. Bf4 Nc6 12. Rfd1 Qd7 13. Qe2 Bd6 14. Bd2 Rfe8
15. Bc3 h6 16. g3 f5 17. e5 Bf8 18. b3 a6 19. Rac1 Ne7 20. Bb4 c6 21. Bd6 dxc4
22. bxc4 b5 23. Nd2 bxc4 24. Qxc4 Rec8 25. Nb3 Nd5 26. Nc5 Qf7 27. Rb1 Ra7 28.
Rb3 Rd8 29. Bxf8 Rxf8 30. Rdb1 f4 31. Rb8 Ra8 32. Rxa8 Rxa8 33. Qd3 fxg3 34.
fxg3 Rf8 35. Rf1 Qxf1+ 36. Qxf1 Rxf1+ 37. Kxf1 Nc7 38. Ke2 Kf7 39. a4 Kg6 40.
Kf3 Kf7 41. Ke4 Kg6 42. Kf3 Kf7 43. h3 h5 44. Ke4 Kg6 45. Kf4 Nd5+ 46. Kf3 Nc7
47. Nb7 Kf5 48. Nd8 c5 49. g4+ hxg4+ 50. hxg4+ Kg5 51. dxc5 Kh4 52. Nf7 Nd5 53.
c6 Nc7 54. Nd6 g5 55. Ne4 Nd5 56. Nf6 Nc7 57. a5 Kh3 58. Nh7 Kh4 59. Nf8 Kh3
60. Nd7 Nb5 61. Nb8 Nc7 62. Nd7 Nb5 63. Ke4 Kxg4 64. Nf6+ Kh3 65. Ne8 g4 66. c7
Na7 67. Ng7 g3 68. Nxe6 Kg4 69. Nf4 Nc8 70. Ng2 Kh3 71. Ne3 1-0

[Event "13. Dubai open 2011"]
[Site "Dubai UAE"]
[Date "2011.04.16"]
[Round "7.15"]
[White "Ashwin, Jayaram"]
[Black "Ter-Sahakyan, Samvel"]
[Result "0-1"]
[WhiteElo "2439"]
[BlackElo "2575"]
[PlyCount "153"]
[EventDate "2011.04.10"]
[EventType "swiss"]
[EventRounds "9"]
[EventCountry "UAE"]
[Source "lmi"]
[SourceDate "2011.04.09"]

1. e4 c5 2. Nf3 d6 3. d4 cxd4 4. Nxd4 Nf6 5. Nc3 a6 6. f4 e5 7. Nf3 Nbd7 8. a4
Be7 9. Bd3 O-O 10. O-O Nc5 11. Kh1 exf4 12. Bxf4 Bg4 13. Qd2 Bh5 14. Be3 Rc8
15. Rae1 Bg6 16. Bd4 Re8 17. Qf2 d5 18. Ne5 Bxe4 19. Ng4 Kh8 20. Nxf6 Bxf6 21.
Bxc5 Bh4 22. Qxf7 Bxe1 23. Bd4 Qg5 24. Nxe4 dxe4 25. Rxe1 Rf8 26. Qxb7 exd3 27.
cxd3 Rcd8 28. Qa7 h6 29. h3 Rf5 30. Re4 h5 31. Kh2 Rfd5 32. Bc3 Rxd3 33. Qc7
R8d7 34. Qb8+ Kh7 35. Re8 Rd8 36. Qe5 Qxe5+ 37. Rxe5 R3d5 38. Re7 R8d7 39. Re6
R7d6 40. Re7 Rg6 41. a5 Rf5 42. Kg1 Kg8 43. Rd7 Kf8 44. Bb4+ Ke8 45. Re7+ Kd8
46. Re2 Kd7 47. Re7+ Kc6 48. Bc3 Rfg5 49. Re2 Kb5 50. Kf1 Kc4 51. Re4+ Kd3 52.
Re2 Rf5+ 53. Ke1 Rf4 54. Rd2+ Kc4 55. Re2 Kb3 56. Re3 Kc4 57. Re2 Rf7 58. Re4+
Kd5 59. Rd4+ Kc5 60. g4 h4 61. g5 Re6+ 62. Kd1 Rd6 63. Rxd6 Kxd6 64. g6 Rc7 65.
Be1 Rc4 66. Bc3 Ke6 67. Ke2 Kf5 68. Be1 Rf4 69. Bd2 Rd4 70. Be1 Re4+ 71. Kf1
Ke5 72. Kf2 Kd4 73. Bc3+ Kd3 74. Kf3 Ra4 75. Be1 Rc4 76. Bc3 Kc2 77. Be1 0-1

[Event "13. Dubai open 2011"]
[Site "Dubai UAE"]
[Date "2011.04.16"]
[Round "7.16"]
[White "Ramnath, Bhuvanesh"]
[Black "Anastasian, Ashot"]
[Result "1-0"]
[WhiteElo "2425"]
[BlackElo "2556"]
[PlyCount "53"]
[EventDate "2011.04.10"]
[EventType "swiss"]
[EventRounds "9"]
[EventCountry "UAE"]
[Source "lmi"]
[SourceDate "2011.04.09"]

1. e4 e6 2. d4 d5 3. Nc3 Bb4 4. e5 Ne7 5. Qg4 Nf5 6. a3 Be7 7. Nf3 O-O 8. Bd3
f6 9. Bxf5 exf5 10. Qg3 fxe5 11. Bh6 Bf6 12. dxe5 f4 13. Bxf4 Be7 14. O-O-O c6
15. Bh6 Rf7 16. Ne4 Qf8 17. Nd6 Bxd6 18. exd6 Rf6 19. Bg5 Rxd6 20. Rhe1 Rg6 21.
h4 Na6 22. h5 Re6 23. Nd4 Rxe1 24. Rxe1 c5 25. h6 cxd4 26. Re7 Qf5 27. Rxg7+
1-0

[Event "13. Dubai open 2011"]
[Site "Dubai UAE"]
[Date "2011.04.16"]
[Round "7.18"]
[White "Pourkashiyan, Atousa"]
[Black "Kotanjian, Tigran"]
[Result "0-1"]
[WhiteElo "2371"]
[BlackElo "2527"]
[PlyCount "106"]
[EventDate "2011.04.10"]
[EventType "swiss"]
[EventRounds "9"]
[EventCountry "UAE"]
[Source "lmi"]
[SourceDate "2011.04.09"]

1. e4 c5 2. Nf3 d6 3. d4 cxd4 4. Nxd4 Nf6 5. Nc3 a6 6. Bc4 e6 7. Bb3 b5 8. O-O
Be7 9. Qf3 Qb6 10. Be3 Qb7 11. Qg3 b4 12. Na4 Nbd7 13. f3 O-O 14. Rad1 Kh8 15.
Kh1 Rb8 16. Ne2 a5 17. Qf2 Qa6 18. g4 Ne5 19. g5 Nfd7 20. Rg1 Bb7 21. Rg3 Nc4
22. Bc1 Rfc8 23. Nf4 Nf8 24. Rg2 Ne5 25. Nh5 g6 26. Nf6 Bc6 27. Be3 Ned7 28.
Bd4 e5 29. Ba7 Rb7 30. Nxd7 Nxd7 31. Be3 Kg8 32. h4 Bb5 33. h5 Bc4 34. Rh2 Bxb3
35. axb3 Rcb8 36. hxg6 fxg6 37. Qh4 Nf8 38. f4 Qc6 39. Rd5 Rb5 40. Rhd2 exf4
41. Qxf4 Qd7 42. Rf2 Qe6 43. c4 bxc3 44. Nxc3 Rxb3 45. Rdd2 Nd7 46. Nd5 Ne5 47.
Bd4 Nd3 48. Nxe7+ Qxe7 49. Qg4 Nxf2+ 50. Rxf2 Re8 51. Re2 Rb4 52. Bf6 Rxe4 53.
Qf3 Rh4+ 0-1

[Event "13. Dubai open 2011"]
[Site "Dubai UAE"]
[Date "2011.04.16"]
[Round "7.19"]
[White "Guliev, Sarhan"]
[Black "Carlstedt, Jonathan"]
[Result "1-0"]
[WhiteElo "2497"]
[BlackElo "2386"]
[PlyCount "147"]
[EventDate "2011.04.10"]
[EventType "swiss"]
[EventRounds "9"]
[EventCountry "UAE"]
[Source "lmi"]
[SourceDate "2011.04.09"]

1. d4 d5 2. c4 e6 3. Nc3 c5 4. cxd5 exd5 5. Nf3 Nc6 6. g3 Nf6 7. Bg2 Be7 8. O-O
O-O 9. dxc5 Bxc5 10. Bg5 d4 11. Bxf6 Qxf6 12. Nd5 Qf5 13. Ne1 Rd8 14. Nc7 Rb8
15. Nd3 Bb6 16. Na6 bxa6 17. Bxc6 a5 18. Qd2 Ba6 19. Rfc1 Bxd3 20. exd3 Rd6 21.
Rc4 Rbd8 22. Rac1 g6 23. Be4 Qf6 24. Kg2 Kg7 25. h4 h5 26. Qg5 Qxg5 27. hxg5 f6
28. gxf6+ Rxf6 29. f4 Rdf8 30. Rh1 R8f7 31. Kf3 Rf8 32. Ke2 Rh8 33. Rh4 Kh6 34.
Rh1 Kg7 35. Rh4 Kh6 36. Rh2 Kg7 37. Rc1 Rhf8 38. Kd1 R6f7 39. Rc6 Rf6 40. Rcc2
R6f7 41. Rcg2 Bc7 42. Rh1 Rh8 43. Kc2 Rf6 44. Kb3 Rb8+ 45. Kc2 Rfb6 46. Kb1 Rf6
47. Rc1 Bb6 48. g4 hxg4 49. Rxg4 Kf7 50. Rcg1 Ke7 51. Bxg6 Rbf8 52. Re1+ Re6
53. Be4 Bc7 54. f5 Re5 55. Rh1 Rf7 56. Rg6 Rc5 57. a3 Kd7 58. Rh8 Bd8 59. Rgg8
Bc7 60. Ka2 Bb6 61. Bb7 Kd6 62. Bc8 Ke5 63. Re8+ Kf4 64. Re4+ Kf3 65. Be6 Rf6
66. Rh1 Rc2 67. Rh3+ Kg2 68. Reh4 Rf2 69. Kb3 Bc7 70. Kc4 Rxb2 71. Bd5+ Kf2 72.
Rh2+ Kg3 73. R4h3+ Kg4 74. Bf3+ 1-0

[Event "13. Dubai open 2011"]
[Site "Dubai UAE"]
[Date "2011.04.16"]
[Round "7.20"]
[White "Lalith, Babu M R"]
[Black "Mansour, Sameer"]
[Result "1-0"]
[WhiteElo "2491"]
[BlackElo "2301"]
[PlyCount "57"]
[EventDate "2011.04.10"]
[EventType "swiss"]
[EventRounds "9"]
[EventCountry "UAE"]
[Source "lmi"]
[SourceDate "2011.04.09"]

1. Nf3 c5 2. c4 Nc6 3. d4 cxd4 4. Nxd4 g6 5. e4 Nf6 6. Nc3 Nxd4 7. Qxd4 d6 8.
Bg5 Bg7 9. Be2 O-O 10. Qd2 Be6 11. Rd1 Qa5 12. O-O Rfc8 13. b3 a6 14. f4 Qc5+
15. Kh1 b5 16. f5 Bd7 17. Bxf6 Bxf6 18. fxg6 hxg6 19. Nd5 Bc6 20. Nxf6+ exf6
21. Rxf6 Bxe4 22. Rxd6 Re8 23. Bf1 Bb7 24. b4 Qh5 25. c5 Rac8 26. Qf2 Re5 27.
Rd8+ Kg7 28. R8d7 Bd5 29. R1xd5 1-0

[Event "13. Dubai open 2011"]
[Site "Dubai UAE"]
[Date "2011.04.16"]
[Round "7.21"]
[White "Al-Sayed, Mohammed"]
[Black "Narayanan, Srinath"]
[Result "1/2-1/2"]
[WhiteElo "2485"]
[BlackElo "2310"]
[PlyCount "61"]
[EventDate "2011.04.10"]
[EventType "swiss"]
[EventRounds "9"]
[EventCountry "UAE"]
[Source "lmi"]
[SourceDate "2011.04.09"]

1. d4 Nf6 2. c4 e6 3. Nc3 Bb4 4. Qc2 O-O 5. a3 Bxc3+ 6. Qxc3 b6 7. Bg5 Bb7 8.
e3 d6 9. Ne2 Nbd7 10. Qc2 h6 11. Bh4 c5 12. Rd1 cxd4 13. Rxd4 Qc7 14. Nc3 d5
15. Be2 e5 16. Rd2 dxc4 17. O-O b5 18. Rfd1 a6 19. Bf3 e4 20. Nxe4 Bxe4 21.
Bxe4 Nxe4 22. Rxd7 Qc6 23. R1d4 Nc5 24. R7d6 Qc8 25. Qe2 Ne6 26. Rd1 c3 27.
bxc3 Qxc3 28. Qg4 Kh8 29. Qf3 Kg8 30. Qg4 Ra7 31. h3 1/2-1/2

[Event "13. Dubai open 2011"]
[Site "Dubai UAE"]
[Date "2011.04.16"]
[Round "7.22"]
[White "Sai, Krishna"]
[Black "Iskusnyh, Sergei"]
[Result "0-1"]
[WhiteElo "2349"]
[BlackElo "2481"]
[PlyCount "145"]
[EventDate "2011.04.10"]
[EventType "swiss"]
[EventRounds "9"]
[EventCountry "UAE"]
[Source "lmi"]
[SourceDate "2011.04.09"]

1. e4 e6 2. d4 d5 3. Nc3 Nf6 4. Bg5 dxe4 5. Nxe4 Nbd7 6. Nf3 h6 7. Nxf6+ Nxf6
8. Bh4 c5 9. Bd3 cxd4 10. Nxd4 Bc5 11. Nb3 Be7 12. O-O O-O 13. Qe2 Qb6 14. c4
Bd7 15. Rac1 Qb4 16. f4 Ba4 17. Rc3 Rad8 18. Bb1 b6 19. Qc2 Bxb3 20. Rxb3 Qd2
21. Be1 Qxc2 22. Bxc2 Rd4 23. Bd3 Rfd8 24. Rf3 Ne4 25. Be2 Nd2 26. Bxd2 Rxd2
27. Kf1 Bf6 28. g3 g6 29. Rfd3 R8xd3 30. Rxd3 Rxb2 31. Ra3 Rb1+ 32. Kg2 Re1 33.
Kf2 Rc1 34. Rxa7 Rc2 35. Ke3 Rb2 36. a4 Bc3 37. Rb7 Bb4 38. Bf3 Bc5+ 39. Kd3
Rb3+ 40. Ke2 Re3+ 41. Kf2 Ra3+ 42. Kg2 Rxa4 43. Bc6 Ra2+ 44. Kh1 Ra1+ 45. Kg2
Ra2+ 46. Kh1 Ra8 47. Rc7 Ra1+ 48. Kg2 Ra2+ 49. Kh1 Ra1+ 50. Kg2 Ra2+ 51. Kh1
Kf8 52. Rb7 g5 53. Bf3 gxf4 54. Bh5 Be7 55. gxf4 Rf2 56. Rxb6 Rxf4 57. Rc6 Rf5
58. Be2 Rf2 59. Bg4 Kg7 60. Rc8 f5 61. Kg1 Rc2 62. Bf3 e5 63. Bd5 Kf6 64. h4
Bd6 65. Rh8 Kg6 66. Re8 Bc5+ 67. Kf1 e4 68. Re6+ Kh5 69. Re5 Kg4 70. Be6 Rc1+
71. Ke2 Bd6 72. Rxf5 Kxh4 73. Ke3 0-1

[Event "13. Dubai open 2011"]
[Site "Dubai UAE"]
[Date "2011.04.16"]
[Round "7.23"]
[White "Schneider, Veronika"]
[Black "Harutjunyan, Gevorg"]
[Result "1/2-1/2"]
[WhiteElo "2247"]
[BlackElo "2468"]
[PlyCount "93"]
[EventDate "2011.04.10"]
[EventType "swiss"]
[EventRounds "9"]
[EventCountry "UAE"]
[Source "lmi"]
[SourceDate "2011.04.09"]

1. e4 c6 2. d4 d5 3. Nc3 dxe4 4. Nxe4 Bf5 5. Ng3 Bg6 6. h4 h6 7. Nf3 Nd7 8. h5
Bh7 9. Bd3 Bxd3 10. Qxd3 Ngf6 11. Bd2 e6 12. O-O-O Qc7 13. Ne4 Be7 14. Nxf6+
Bxf6 15. g3 O-O-O 16. Qa3 b5 17. Rhe1 Nb6 18. Bf4 Qb7 19. g4 Rd5 20. Qb4 Nc4
21. Qc3 c5 22. Ne5 Qa6 23. b3 Bxe5 24. dxe5 Nb6 25. Be3 b4 26. Qb2 Rhd8 27.
Rxd5 Rxd5 28. c4 bxc3 29. Qxc3 Qxa2 30. Bxc5 Kb7 31. Rd1 Qe2 32. Rxd5 Nxd5 33.
Qd4 g6 34. hxg6 fxg6 35. Bxa7 h5 36. gxh5 gxh5 37. Bc5 h4 38. b4 h3 39. Qh4
Qf1+ 40. Kb2 Qg2 41. Qh7+ Kc8 42. Qf7 h2 43. Qe8+ Kb7 44. Qb5+ Kc7 45. Bd6+ Kd8
46. Qb8+ Kd7 47. Qb5+ 1/2-1/2

[Event "13. Dubai open 2011"]
[Site "Dubai UAE"]
[Date "2011.04.16"]
[Round "7.24"]
[White "Surendran, N."]
[Black "Simantsev, Mikhail"]
[Result "0-1"]
[WhiteElo "2146"]
[BlackElo "2556"]
[PlyCount "112"]
[EventDate "2011.04.10"]
[EventType "swiss"]
[EventRounds "9"]
[EventCountry "UAE"]
[Source "lmi"]
[SourceDate "2011.04.09"]

1. d4 Nf6 2. Nf3 c5 3. d5 d6 4. g3 g6 5. Bg2 Bg7 6. O-O O-O 7. c4 e6 8. Nc3
exd5 9. cxd5 a6 10. a4 Nbd7 11. Nd2 Re8 12. Nc4 Ne5 13. Nxe5 Rxe5 14. Bf4 Re8
15. Qd2 Ng4 16. Ne4 Ne5 17. Bg5 f6 18. Bf4 Bf5 19. Bxe5 Rxe5 20. Nc3 Bd7 21.
Rfb1 b5 22. axb5 axb5 23. Rxa8 Qxa8 24. b4 c4 25. Qc1 f5 26. Ra1 Qb7 27. Ra2
Re8 28. Qa1 Qb6 29. Ra8 Qd4 30. Rxe8+ Bxe8 31. Qa8 Kf8 32. Qd8 Bf6 33. Qxd6+
Be7 34. Qb8 Qxc3 35. d6 Qa1+ 36. Bf1 Qe5 37. dxe7+ Qxe7 38. Bg2 Kg7 39. Qf4 Bf7
40. Bd5 Bxd5 41. Qd4+ Kh6 42. Qd2+ f4 43. Qxd5 Qxb4 44. Qe4 Qd6 45. gxf4 c3 46.
Kg2 b4 47. Qc4 Qb6 48. Qd5 Qc7 49. f5 Qf4 50. Qc5 Qxf5 51. Qxb4 c2 52. Qh4+ Qh5
53. Qb4 Qg5+ 54. Kh3 Qf5+ 55. Kg2 c1=Q 56. Qh4+ Qh5 0-1

[Event "13. Dubai open 2011"]
[Site "Dubai UAE"]
[Date "2011.04.16"]
[Round "7.26"]
[White "Nitin, S."]
[Black "Salem A R, Saleh"]
[Result "1-0"]
[WhiteElo "2365"]
[BlackElo "2511"]
[PlyCount "122"]
[EventDate "2011.04.10"]
[EventType "swiss"]
[EventRounds "9"]
[EventCountry "UAE"]
[Source "lmi"]
[SourceDate "2011.04.09"]

1. e4 c5 2. Nf3 d6 3. d4 cxd4 4. Nxd4 Nf6 5. Nc3 Nc6 6. Bg5 Qa5 7. Bb5 Bd7 8.
Nb3 Qc7 9. O-O e6 10. a4 Be7 11. Qd2 h6 12. Bf4 a6 13. Be2 Ne5 14. Bg3 g5 15.
a5 O-O-O 16. f3 Bc6 17. Nd4 Nh5 18. Bf2 Nf4 19. Nxc6 Qxc6 20. Bb6 Rd7 21. g3
Nxe2+ 22. Nxe2 d5 23. Qc3 Qxc3 24. Nxc3 dxe4 25. fxe4 Nc4 26. Kh1 Bd6 27. Na4
Be5 28. c3 h5 29. Rad1 h4 30. g4 Bf4 31. b3 Rxd1 32. Rxd1 Nd2 33. Nc5 h3 34. b4
Re8 35. e5 Rg8 36. Nd3 Nc4 37. Bd4 Kd7 38. Rf1 f6 39. exf6 e5 40. Bc5 Ke6 41.
Be7 Ne3 42. Nc5+ Kf7 43. Rg1 Nd5 44. Rd1 Nxf6 45. Bxf6 Kxf6 46. Rd6+ Ke7 47.
Rd7+ Kf6 48. Rxb7 e4 49. Nxe4+ Ke6 50. Rh7 Rd8 51. Rxh3 Ke5 52. Nc5 Rd2 53. Kg1
Ra2 54. Nxa6 Ra1+ 55. Kg2 Ra2+ 56. Kg1 Ra1+ 57. Kf2 Ra2+ 58. Kf1 Ra1+ 59. Ke2
Ra2+ 60. Kd3 Kd5 61. c4+ Ke5 1-0

[Event "13. Dubai open 2011"]
[Site "Dubai UAE"]
[Date "2011.04.16"]
[Round "7.27"]
[White "Carlsson, Pontus"]
[Black "Zozulia, Anna"]
[Result "1/2-1/2"]
[WhiteElo "2496"]
[BlackElo "2369"]
[PlyCount "175"]
[EventDate "2011.04.10"]
[EventType "swiss"]
[EventRounds "9"]
[EventCountry "UAE"]
[Source "lmi"]
[SourceDate "2011.04.09"]

1. e4 c5 2. Nc3 Nc6 3. Bb5 d6 4. Bxc6+ bxc6 5. d3 e5 6. f4 exf4 7. Bxf4 Ne7 8.
Nf3 Ng6 9. Bg3 Be7 10. d4 Qa5 11. O-O cxd4 12. Qxd4 O-O 13. Bxd6 Bxd6 14. Qxd6
Qb6+ 15. Qd4 Qxb2 16. Na4 Qxd4+ 17. Nxd4 Re8 18. Rfe1 Be6 19. Nc5 Bc4 20. Nb7
Ba6 21. Nc5 Bc4 22. Nb7 Ba6 23. Rab1 Bxb7 24. Rxb7 c5 25. Nc6 Re6 26. Rc7 Rae8
27. Nxa7 Ra6 28. Nb5 Rxa2 29. Rxc5 Rd8 30. Rd5 Rc8 31. Nd4 Nf4 32. Rd7 Ne6 33.
Nxe6 fxe6 34. Rf1 Raxc2 35. Re7 h6 36. Rff7 Rc1+ 37. Kf2 Rf8 38. Rxf8+ Kxf8 39.
Rxe6 Kf7 40. Rd6 Rc2+ 41. Kf3 Rc3+ 42. Kf4 Rc2 43. Rd7+ Kg6 44. Rd6+ Kf7 45.
Rd7+ Kg6 46. Kf3 Rc3+ 47. Ke2 Kf6 48. Rd3 Rc2+ 49. Kf3 Ra2 50. h4 h5 51. Rd6+
Kf7 52. Rd7+ Kg6 53. g3 Ra1 54. Rd5 Rf1+ 55. Ke2 Ra1 56. Rg5+ Kh6 57. Rf5 Ra3
58. Rf3 Ra5 59. Ke3 g5 60. hxg5+ Kxg5 61. Rf8 Ra3+ 62. Kf2 Ra2+ 63. Kf3 Ra3+
64. Kg2 Ra2+ 65. Rf2 Ra5 66. Re2 h4 67. gxh4+ Kxh4 68. Kf3 Kg5 69. Ke3 Kf6 70.
Kf4 Rh5 71. Ra2 Rh4+ 72. Ke3 Ke5 73. Ra5+ Ke6 74. Kd4 Rh1 75. Ra6+ Ke7 76. Ke5
Rb1 77. Rc6 Kd8 78. Rc7 Ke8 79. Ra7 Rb6 80. Kd5 Rh6 81. e5 Rb6 82. Rg7 Ra6 83.
Ke4 Rb6 84. Kf5 Rc6 85. Ra7 Rb6 86. Ke4 Rh6 87. Kd5 Ra6 88. Rg7 1/2-1/2

[Event "13. Dubai open 2011"]
[Site "Dubai UAE"]
[Date "2011.04.16"]
[Round "7.28"]
[White "Petrosian, Davit G"]
[Black "Vishnu, Prasanna  V"]
[Result "1-0"]
[WhiteElo "2480"]
[BlackElo "2358"]
[PlyCount "125"]
[EventDate "2011.04.10"]
[EventType "swiss"]
[EventRounds "9"]
[EventCountry "UAE"]
[Source "lmi"]
[SourceDate "2011.04.09"]

1. e4 e5 2. Nf3 Nc6 3. d4 exd4 4. Nxd4 Bc5 5. Nxc6 bxc6 6. Bd3 Ne7 7. h4 d5 8.
Nc3 O-O 9. h5 h6 10. Bf4 Kh8 11. Na4 Bb6 12. Qf3 Be6 13. Rd1 Qd7 14. Qg3 Rad8
15. Nxb6 cxb6 16. O-O Bg4 17. f3 Be6 18. Be2 Qe8 19. Bc7 Rd7 20. c4 dxc4 21.
Rxd7 Qxd7 22. Rd1 Qc8 23. Qd6 Re8 24. g4 c5 25. Kf2 Qb7 26. b3 cxb3 27. Bb5 Rc8
28. Bd8 Nc6 29. Qf8+ Kh7 30. Bxc6 Qxc6 31. g5 hxg5 32. h6 gxh6 33. Rd6 Qxd6 34.
Qxd6 Rxd8 35. Qxd8 b2 36. Qd3 Bxa2 37. e5+ Kg8 38. e6 Bxe6 39. Qb1 b5 40. Qxb2
b4 41. Qe5 b3 42. Qxc5 a6 43. Qc6 Bf5 44. Qb6 Bc2 45. Qxa6 Kg7 46. Qb6 f6 47.
Ke3 Kg6 48. Kd4 h5 49. Qb8 Kf5 50. Ke3 Kg6 51. f4 h4 52. Qc8 Kg7 53. f5 h3 54.
Qc7+ Kh6 55. Qf7 Bxf5 56. Qxf6+ Bg6 57. Qh8+ Bh7 58. Qf8+ Kg6 59. Qb8 g4 60.
Qxb3 Kg5 61. Qd5+ Bf5 62. Qe5 Kg6 63. Kf4 1-0